Statistics for They Shoot Pictures, Don't They? - films 281 to 300

Click here to take the quiz!

General Stats

  • This quiz has been taken 38 times
  • The average score is 7 of 20

Answer Stats

Answer% Correct
Back to the Future
97%
Groundhog Day
88%
The Exorcist
88%
Unforgiven
63%
Eyes Wide Shut
59%
Mean Streets
44%
Cinema Paradiso
41%
Paths of Glory
38%
All about my Mother
34%
The Big Sleep
31%
Sweet Smell of Success
22%
The Sacrifice
22%
Taste of Cherry
19%
La Ciénaga
16%
The Music Room
16%
2 or 3 Things I Know about Her
13%
Floating Clouds
13%
India Song
13%
My Night at Maud's
13%
Terra em transe
13%

Score Distribution

Percentile by Number Answered

Percent of People with Each Score

Your Score History

You have not taken this quiz